100 Most Popular Tourist Destination Cities - Least to Most Expensive - Statistics

General Stats
  • This quiz has been taken 671 times
  • The average score is 54 of 100
Answer Stats
Hint Answer % Correct
91 London
96%
95 New York
96%
86 Paris
96%
76 Rome
91%
63 Tokyo
91%
89 Los Angeles
89%
67 Madrid
88%
49 Moscow
88%
33 Beijing
87%
59 Berlin
87%
65 Barcelona
85%
46 Rio
85%
26 Mexico City
83%
87 Milan
83%
75 Sydney
83%
17 Cairo
82%
88 Amsterdam
81%
90 Miami
81%
64 Dubai
80%
32 Shanghai
80%
58 Athens
79%
11 Bangkok
79%
98 San Francisco
79%
74 Toronto
79%
35 Istanbul
78%
84 Stockholm
78%
69 Hong Kong
77%
77 Singapore
77%
93 Dublin
76%
47 Seoul
76%
54 Lisbon
75%
23 Mumbai
75%
97 Copenhagen
74%
55 Buenos Aires
73%
20 Delhi
73%
34 Prague
73%
66 Vienna
73%
92 Brussels
72%
15 Jakarta
72%
73 Melbourne
72%
79 Venice
72%
41 Budapest
70%
80 Munich
70%
48 Warsaw
70%
53 Osaka
69%
78 Vancouver
67%
3 Hanoi
65%
28 Kuala Lumpur
65%
36 Lima
63%
94 Washington DC
61%
68 Abu Dhabi
60%
72 Las Vegas
60%
99 Jerusalem
59%
1 Ho Chi Minh
58%
38 St Petersburg
57%
70 Doha
55%
51 Johannesburg
55%
100 Tel Aviv
55%
83 Orlando
53%
40 Taipei
53%
81 Florence
52%
82 Frankfurt
52%
37 Riyadh
52%
84 Nice
47%
14 Guangzhou
46%
30 Kolkata
46%
19 Mecca
45%
39 Cancun
44%
52 Kyoto
42%
96 Honolulu
39%
42 Krakow
37%
6 Phuket
37%
18 Chennai
36%
7 Phnom Penh
36%
62 Macau
34%
22 Shenzhen
29%
12 Colombo
27%
25 Marrakech
26%
31 Antalya
25%
10 Denpasar
24%
5 Agra
21%
2 Chiang Mai
19%
8 Pattaya
15%
13 Jaipur
13%
50 Punta Cana
13%
4 Siem Reap
10%
56 Heraklion
9%
44 Jeju
8%
29 Penang Island
6%
57 Rhodes
6%
43 Dammam
4%
71 Aukland
3%
16 Ha Long
3%
21 Johor Bahru
3%
61 Edirne
2%
9 Guilin
2%
24 Taichung
2%
60 Chiba
1%
27 Zhuhai
1%
45 Artvin
0%
No matching quizzes found
Score Distribution
Percent of People with Each Score
Percentile by Number Answered
Your Score History
You have not taken this quiz